Bài tập hóa học vô cơ

Guardado en:
Detalles Bibliográficos
Autor principal: Lê Mậu Quyền
Formato: Libro
Lenguaje:Vietnamese
Publicado: H. Khoa học kỹ thuật 2000
Etiquetas: Agregar Etiqueta
Sin Etiquetas, Sea el primero en etiquetar este registro!
Thư viện lưu trữ: Mạng thư viện Đại học Đà Nẵng
LEADER 00655nam a2200265 4500
001 000003928
003 50
005 20121211001222.0
008 110516s2000 viesd
020 |a 12500 đ 
041 0 |a vie 
082 |a 546  |b BAI 
100 0 |a Lê Mậu Quyền 
245 0 |a Bài tập hóa học vô cơ  |c Lê Mậu Quyền 
260 |a H.  |b Khoa học kỹ thuật  |c 2000 
300 |a 152 tr  |c 20 cm 
910 |a Minh 
OWN |a LSP 
999 |a From the UDN01 
TYP |a Monograph 
TYP |a Printed language 
980 |a Mạng thư viện Đại học Đà Nẵng